Normal view
MARC view
Entry Personal Name
001 - CONTROL NUMBER
- control field: 41828
003 - CONTROL NUMBER IDENTIFIER
- control field: MY-SjTCS
005 - DATE AND TIME OF LATEST TRANSACTION
- control field: 20191205134041.0
008 - FIXED-LENGTH DATA ELEMENTS
- fixed length control field: 111011nn a|a||abb| a a|a d
039 #9 -
- : 201110111523
- : shuhada
040 ## - CATALOGING SOURCE
- Original cataloging agency: VRT
- Transcribing agency: VRT
100 1# - HEADING--PERSONAL NAME
- Personal name: Narveson, Jan,
- Dates associated with a name: 1936-
400 1# - SEE FROM TRACING--PERSONAL NAME
- Control subfield: nnaa
- Personal name: Narveson, Jan
670 ## - SOURCE DATA FOUND
- Source citation: Are liberty and equality compatible?, 2010.:
- Information found: t.p. (Jan Narveson and James P. Sterba.)
999 ## -
- : VIRTUA4 x
999 ## -
- : VTLSSORT0080*0400*1000*4000*6700*9991